| 000 | 00938nam a22003017a 4500 | ||
|---|---|---|---|
| 003 | CHAP | ||
| 005 | 20220329140459.0 | ||
| 008 | 971013s1984 r 00010 d | ||
| 010 | _a52586 | ||
| 011 | _a53558 | ||
| 035 | _a57708 | ||
| 040 | _cCHAP | ||
| 082 |
_a632 _bW67 |
||
| 100 | 0 | 0 |
_aWood, R. K. S. _9122531 |
| 245 |
_aPlant diseases _b: infection, damage and loss |
||
| 260 |
_aOxford : _bBlackwell, _c1984 |
||
| 300 |
_a327 p. _b; gráfs. |
||
| 590 |
_aBATCH-UPD _b10 _c20130110 _lUCH01 _h0537 |
||
| 590 |
_aBATCH-UPD _b10 _c20130410 _lUCH01 _h0217 |
||
| 590 |
_aBATCH-UPD _b10 _c20130914 _lUCH01 _h1414 |
||
| 590 |
_aCONVERSION _b10 _c20130109 _lUCH01 _h1328 |
||
| 650 | 1 | 4 |
_aFitopatología. _941161 |
| 700 | 0 |
_aJellis, G. J. _961298 |
|
| 901 | _aBK | ||
| 942 | _cLIBRO | ||
| 949 |
_a632 W67 _bBC _cLIBRO _d33724000176129 _eLIBRO _gI.144425 _h74669 _i57708 _si |
||
| 949 |
_a632 W67 _bBC _cLIBRO _d33724000176137 _eLIBRO _fc.2 _h75825 _i57708 _si |
||
| 999 |
_c52586 _d52586 |
||